000 00968nam a22003137a 4500
001 BR8602944
003 BR-BrBNA
005 20230928092258.0
007 ta
008 230509b bl.||||| |||| 00| 0 por d
040 _aBR-BrBNA
_bpor
_cBiblioteca Nacional de Agricultura
041 _a(Por)
072 _aE70; E16; E14
_b/G514
090 _ E70 BR8602944
110 1 _aFundacao Estadual de Planejamento Agricola de Pernambuco, Recife (Brasil)
_94889
245 1 _aDesempenho do setor agropecuario. Pernambuco. Safra 1985
246 1 _a[Performance of the farm sector. Pernambuco, Brazil. Crop season 1985]
260 3 _aRecife, PE (Brasil):
_c1986.
300 _a156 p.
500 _a103 tables; 13 ref.
650 _aPRODUTO AGRICOLA
650 _aESTATISTICA DE PRODUCAO
650 _aPOLITICA AGRICOLA
650 _aMERCADO PRODUTOR
650 _aCREDITO RURAL
650 _aPERNAMBUCO
909 _a202309
_bLucia
_c55
_dLucia Elande
942 _cBK
999 _c38076
_d38076